000
00302nam a2200133Ia 4500
100
_a
Ruoff/Arthur L
942
_c
BK
654
_a
Materials Science
245
_a
Intrd. to Materials Science
260
_b
prentice hall
_a
New Jersey
_c
1972
082
_a
620.1
_b
RUO
546
_a
ENGLISH
999
_c
31492
_d
31492